=LDR 00000nam 2200000 4500 =001 INLIS000000000001152 =005 20130612085547 =008 ***********************************Ind** =035 ##$$0010-061300000001152 =041 ##$$a Ind =082 ##$$a 574.07 =090 ##$$a 574.07, Hen-b =100 ##$$a HENDY, Nurlely =245 ##$$a Belajar aktif biologi untuk SMP, Nurlely Hendy =260 ##$$a 1992 $b Jakarta =300 ##$$a ...jil, ilus, 24 cm =650 ##$$a Biologi =650 ##$$a Studi dan Pengajaran =850 ##$$a NBPNMAT =990 ##$$a 3120031200 =990 ##$$a 57.072 pb.93 =990 ##$$a 57.066/93 =990 ##$$a 57.077/93